Guía de trabajo para la implementación del plan de acción en biodiversidad de la cuenca del Orinoco, Colombia 2005-2015 / (Registro nro. 7654)

Detalles MARC
000 -CABECERA
Campo de control 01053nam a22002297a 4500
005 - FECHA Y HORA DE LA ULTIMA TRANSACCION
Campo de control 20130904130431.0
008 - ELEMENTOS DE LONGITUD FIJA—INFORMACION GENERAL
Campo de control 110912r2008 ck a gr 00010 spa d
020 ## - ISBN
ISBN 9789588343259
041 0# - IDIOMA
Código de idioma para texto/pista de sonido o título separado Español
044 ## - PAÍS DE PUBLICACIÓN
País de publicación Colombia
082 04 - NUMERO DE CLASIFICACION DECIMAL DEWEY
Número de clasificación 333.72
Número del ítem C172g
100 1# - ASIENTO PRINCIPAL--NOMBRE PERSONAL
Nombre personal Camacho-Rojas, Adisedit
245 10 - MENCION DE TITULO
Título Guía de trabajo para la implementación del plan de acción en biodiversidad de la cuenca del Orinoco, Colombia 2005-2015 /
Mención de responsabilidad Adisedit Camacho Rojas y Elvinia Santana Castañeda.
260 ## - PUBLICACION, DISTRIBUCION, ETC. (PIE DE IMPRENTA)
Lugar de publicación, distribución, etc. Bogotá
Nombre del editor, distribuidor, etc. Instituto de Investigación de Recursos Biológicos Alexander von Humboldt,
Fecha de publicación, distribución, etc. 2008.
300 ## - DESCRIPCION FISICA
Extensión 100 p. :
Otros detalles físicos il. ;
Dimensiones 19 x 23 cm.
504 ## - NOTA DE BIBLIOGRAFIA, ETC.
Nota de bibliografía Incluye referencias bibliográficas.
650 #4 - ASIENTO SECUNDARIO DE MATERIA - TERMINO TEMATICO
Término temático o nombre geográfico como elemento de entrada Conservación de los recursos naturales
Subdivisión de forma Guías.
Subdivisión geográfica Orinoquía (Región, Colombia)
650 #4 - ASIENTO SECUNDARIO DE MATERIA - TERMINO TEMATICO
Término temático o nombre geográfico como elemento de entrada Política ambiental
Subdivisión de forma Guías.
Subdivisión geográfica Orinoquía (Región, Colombia)
650 #4 - ASIENTO SECUNDARIO DE MATERIA - TERMINO TEMATICO
Término temático o nombre geográfico como elemento de entrada Conservación de la naturaleza
Subdivisión de forma Guías.
Subdivisión geográfica Orinoquía (Región, Colombia)
700 1# - ASIENTO SECUNDARIO - NOMBRE PERSONAL
Nombre personal Santana-Castañeeda, Elvinia.
942 ## - ELEMENTOS ADICIONALES (KOHA)
Sistema de clasificación Dewey Decimal Classification
Tipo de ítem Impreso
Existencias
Withdrawn status Lost status Sistema de Clasificación Damaged status No para préstamo Colección Inventariado Ubicación Permanente Ubicación actual Fecha de adquisición Fuente de Valor Valor Total Checkouts Número topográfico Inventario / Código de Barras Date last seen Ejemplar Price effective from Forma de adquisición Tipo de material Date checked out
    Dewey Decimal Classification     Humboldt Inventariado 2017 Bogotá Bogotá 04/09/2013 Instituto 39000.00   IAVH-333.72 C172g 029264 04/09/2013 Ej. 1 04/09/2013 Institucional Libro  
    Dewey Decimal Classification     Humboldt Inventariado 2017 Bogotá Bogotá 04/09/2013 Instituto 39000.00   IAVH-333.72 C172g 029263 04/09/2013 Ej. 2 04/09/2013 Institucional Libro  
    Dewey Decimal Classification     Humboldt Inventariado 2017 Bogotá Bogotá 04/09/2013 Instituto 39000.00 2 IAVH-333.72 C172g 029262 11/09/2018 Ej. 4 04/09/2013 Institucional Libro 11/09/2018
    Dewey Decimal Classification     Humboldt Inventariado 2017 Sala Fabio Quevedo Sala Fabio Quevedo 23/07/2014 Instituto 39000.00   IAVH-333.72 C172g 028906 23/07/2014 Ej. 3 23/07/2014 Institucional Libro